| 000 | 00568nam a2200169 4500 | ||
|---|---|---|---|
| 008 | 171205b xxu||||| |||| 00| 0 eng d | ||
| 020 | _a0137470649 | ||
| 082 |
_21990 _aDC 591.86 _bB46 |
||
| 100 |
_924038 _aBesterfield, Dale H.,author. |
||
| 245 |
_aQuality control / _c Dale H. Besterfield. |
||
| 250 | _aThird edition. | ||
| 260 |
_aUpper Saddle River, N.J. : _bPrentice Hall, _c©1998. |
||
| 300 |
_aviii, 440 pages ; _billustrations ; _c22 cm. |
||
| 500 | _aIncludes bibliographical references and index. | ||
| 650 | 0 |
_924042 _aQuality control. |
|
| 942 |
_2ddc _cDC |
||
| 999 |
_c7880 _d7880 |
||